Library Logo

Pioneer International University Library Catalogue

India's financial markets : (Record no. 3603)

MARC details
000 -LEADER
fixed length control field 00569cam a22001694a 4500
005 - DATE AND TIME OF LATEST TRANSACTION
control field 20250901165420.0
008 - FIXED-LENGTH DATA ELEMENTS--GENERAL INFORMATION
fixed length control field 080318s2008 ne a b 001 0 eng
010 ## - LIBRARY OF CONGRESS CONTROL NUMBER
LC control number 2008012458
020 ## - INTERNATIONAL STANDARD BOOK NUMBER
International Standard Book Number 9780123742513 (hardcover)
050 00 - LIBRARY OF CONGRESS CALL NUMBER
Classification number HG187.I4 .S53 2008
Item number S53 2008
082 00 - DEWEY DECIMAL CLASSIFICATION NUMBER
Classification number 332.10954
Edition information 22
100 1# - MAIN ENTRY--PERSONAL NAME
Personal name Shah, Ajay.
245 10 - TITLE STATEMENT
Title India's financial markets :
Remainder of title an insider's guide to how the markets work /
Statement of responsibility, etc. Ajay Shah, Susan Thomas, Michael Gorham.
260 ## - PUBLICATION, DISTRIBUTION, ETC.
Place of publication, distribution, etc. Amsterdam ;
-- Boston :
Name of publisher, distributor, etc. Elsevier,
Date of publication, distribution, etc. c2008.
300 ## - PHYSICAL DESCRIPTION
Extent xvi, 241 p. :
Other physical details col. ill. ;
Dimensions 24 cm.
942 ## - ADDED ENTRY ELEMENTS (KOHA)
Source of classification or shelving scheme Dewey Decimal Classification
Holdings
Withdrawn status Lost status Source of classification or shelving scheme Damaged status Not for loan Home library Current library Shelving location Date acquired Total checkouts Full call number Barcode Date last seen Price effective from Koha item type
    Library of Congress Classification     Main Library Main Library   03/25/2021   HG187.I4 .S53 2008 PIU0001281 03/25/2021 03/25/2021 Books